[Event "jogo das férias"]
[Site "http://www.queenalice.com/game.php?id=84194"]
[Date "2006.7.9"]
[Round "-"]
[White "federal"]
[Black "CesarAugusto"]
[Result "1-0"]
[WhiteElo "1477"]
[BlackElo "1540"]

1. e3 g6 2. Qf3 Nh6 3. Nh3 Bg7 4. Ng5 O-O 5. Bc4 e6 6. h4 c6 7. c3 d5 8. Bb3 b6
9. d4 Ba6 10. Bc2 Bf6 11. Nh3 Bxh4 12. e4 dxe4 13. Qxe4 Qf6 14. Rf1 Bxf1 15.
Bxh6 Rd8 16. Kxf1 Rd5 17. Qf4 Nd7 18. Be4 e5 19. dxe5 Rxe5 20. g3 g5 21. Qg4
Qxh6 22. gxh4 Nf6 23. Qg3 Rxe4 24. hxg5 Nh5 25. Qc7 Qe6 26. Kg2 Qg4+ 27. Kh2 c5
28. Nd2 Re2 29. Rg1 Qh4 30. b4 Rxf2+ 31. Rg2 Rf5 32. Qe7 Nf4 33. Qe3 Nxg2 34.
Kxg2 cxb4 35. cxb4 f6 36. gxf6 Rf8 37. Qe6+ Rf7 38. Qxf5 Rxf6 39. Qc8+ Kg7 40.
Qd7+ Rf7 41. Qd6 Qe1 42. Qg3+ Kf8 43. Qxe1 Rg7+ 44. Kf3 h5 45. Nc4 Rg4 46. Qe6
b5 47. Nd6 Rg7 48. Qe8# 1-0

[Event "Challenge"]
[Site "http://www.queenalice.com/game.php?id=85491"]
[Date "2006.7.13"]
[Round "-"]
[White "diegmr"]
[Black "CesarAugusto"]
[Result "1-0"]
[WhiteElo "1595"]
[BlackElo "1531"]

1. d4 b6 2. c4 Bb7 3. Bf4 e6 4. e3 Bb4+ 5. Nd2 Nf6 6. a3 Bxd2+ 7. Qxd2 Ne4 8.
Qd3 Qh4 9. Qe2 O-O 10. Nf3 Qh5 11. Qd3 Qa5+ 12. b4 Qa4 13. Be2 a5 14. Bd1 Qc6
15. b5 Nc5 16. dxc5 Qxc5 17. O-O c6 18. Bd6 Qf5 19. Qxf5 exf5 20. Bxf8 Kxf8 21.
Nd4 cxb5 22. Nxb5 Nc6 23. Nd6 Ba6 24. Ba4 Ne5 25. Bb5 Bc8 26. Nxf5 Ba6 27. Rad1
Nxc4 28. Bxa6 g6 29. Bxc4 gxf5 30. Rxd7 Ke8 31. Rfd1 Rc8 32. Bxf7+ Kf8 33. Be6
Ke8 34. Bxf5 b5 35. Rxh7 Rc5 36. Bg6+ Kf8 37. Rd8# 1-0

[Event "Challenge"]
[Site "http://www.queenalice.com/game.php?id=85868"]
[Date "2006.7.14"]
[Round "-"]
[White "mohsinraza"]
[Black "CesarAugusto"]
[Result "0-1"]
[WhiteElo "1400"]
[BlackElo "1556"]

1. e4 e5 2. Nf3 Bc5 3. b3 Bd4 4. Nxd4 exd4 5. Bb2 Nc6 6. Bb5 Ne5 7. Bxd4 Qf6 8.
O-O c6 9. Be2 d6 10. f4 Qg6 11. fxe5 Bh3 12. Bf3 dxe5 13. Bxe5 O-O-O 14. Nc3 Re8
15. d4 f6 16. Bg3 Bd7 17. Bh5 Bg4 18. Bxg6 Bxd1 19. Bxe8 Bxc2 20. Rf5 Ne7 21.
Rh5 Rxe8 22. Rxh7 g5 23. Rf1 Ng8 24. e5 Bxh7 25. exf6 Rf8 26. Be5 Bd3 27. Rf2
Nh6 28. h3 g4 29. Kh2 Nf5 30. hxg4 Ne3 31. Kg3 b5 32. Rf3 Nf1+ 33. Kf2 b4 34.
Rxd3 Nh2 35. Bxh2 bxc3 36. g5 c2 37. Rc3 Rg8 38. f7 Rh8 39. Rxc2 Rxh2 40. f8=Q+
Kd7 41. Qf7+ Kd6 42. Qf4+ Kd5 43. Rc5+ Ke6 44. d5+ cxd5 45. Rc6+ Kd7 46. Qd6+
Ke8 47. Rc8+ Kf7 0-1

[Event "Challenge"]
[Site "http://www.queenalice.com/game.php?id=86142"]
[Date "2006.7.15"]
[Round "-"]
[White "CesarAugusto"]
[Black "marlon2006"]
[Result "1-0"]
[WhiteElo "1506"]
[BlackElo "1476"]

1. e4 e5 2. Qf3 Nf6 3. Bc4 a6 4. Nh3 h6 5. O-O Nc6 6. c3 b5 7. Bd5 Bb7 8. d4 Rb8
9. dxe5 Nxe5 10. Qf4 Nd3 11. Qe3 Nxc1 12. Rxc1 Bd6 13. Qa7 Bxd5 14. exd5 Nxd5
15. Re1+ Be7 16. Qxa6 O-O 17. Na3 b4 18. cxb4 Nxb4 19. Qa5 Nd3 20. Re3 Nxb2 21.
Nf4 Bg5 22. Rf3 Qf6 23. g3 Nc4 24. Nxc4 Qxa1+ 25. Kg2 Ra8 26. Qxc7 Qxa2 27. Nh5
Rac8 28. Qe5 f6 29. Qe7 Qxc4 30. Qxg7# 1-0

[Event "Challenge"]
[Site "http://www.queenalice.com/game.php?id=86143"]
[Date "2006.7.15"]
[Round "-"]
[White "CesarAugusto"]
[Black "marlon2006"]
[Result "0-1"]
[WhiteElo "1521"]
[BlackElo "1453"]

1. e4 c5 2. Bc4 Nc6 3. Qf3 Ne5 4. Qf4 Nxc4 5. Nf3 h6 6. d3 Qa5+ 7. Bd2 Nxd2 8.
Nbxd2 Nf6 9. O-O e6 10. Nc4 Qa4 11. b3 Qc6 12. a4 Be7 13. Na5 Qb6 14. Qd2 O-O
15. Ne5 d6 16. Nec4 Qc7 17. f3 b6 18. Nxb6 axb6 19. Nc4 d5 20. exd5 Nxd5 21.
Rae1 Bg5 22. Qe2 Nf4 23. Qe5 Qd8 24. Nxb6 Qxb6 25. g3 Nh3+ 26. Kg2 Bf6 27. Qe4
Ng5 28. Qc4 e5 29. f4 Bh3+ 30. Kf2 Bxf1 31. Kxf1 exf4 32. gxf4 Nf3 33. Re2 Nd4
34. Re7 Qd6 35. Re1 Qxf4+ 36. Kg1 Nf3+ 37. Kf2 Qxc4 38. dxc4 Nxe1 39. Kxe1 Rfe8+
40. Kd2 Rad8+ 41. Kc1 Re1# 0-1

[Event "PORRADA 1"]
[Site "http://www.queenalice.com/game.php?id=87037"]
[Date "2006.7.17"]
[Round "-"]
[White "claudiofer"]
[Black "CesarAugusto"]
[Result "0-1"]
[WhiteElo "1661"]
[BlackElo "1521"]

1. e3 Nf6 2. a4 e5 3. b3 Bc5 4. Bc4 d5 5. Bb5+ c6 6. Be2 Bf5 7. Nf3 e4 8. Ng1
O-O 9. Bb2 Nfd7 10. Bg4 Qg5 11. h3 Be6 12. f4 Qh4+ 13. Ke2 Bxg4+ 14. hxg4 Qxh1
15. Qf1 Na6 16. Ba3 Nf6 17. Bxc5 Nxc5 18. Nc3 Nxg4 19. Re1 Qh5 20. Kd1 Nxe3+ 21.
Kc1 Nxf1 22. Rxf1 Qh2 23. Rd1 Qxf4 24. Nge2 Qf2 25. Nd4 Qxd4 26. g3 e3 27. Kb2
e2 28. Re1 Qxd2 29. Rxe2 Nd3+ 30. Ka3 Qc1+ 31. Ka2 Qb2# 0-1

[Event "Challenge"]
[Site "http://www.queenalice.com/game.php?id=87669"]
[Date "2006.7.19"]
[Round "-"]
[White "claudiofer"]
[Black "CesarAugusto"]
[Result "1-0"]
[WhiteElo "1639"]
[BlackElo "1543"]

1. a4 e5 2. c3 Bc5 3. b4 Bd6 4. a5 b6 5. Nh3 Nc6 6. e3 bxa5 7. b5 Nce7 8. Qg4 g6
9. Qf3 Bb7 10. Qxb7 c6 11. Rxa5 Rb8 12. Qxa7 c5 13. Ra6 Nc6 14. bxc6 dxc6 15.
Na3 Ne7 16. Ng5 O-O 17. Bc4 Kg7 18. Ra4 Ra8 19. Qxa8 Qxa8 20. Rxa8 Rxa8 21. Nxf7
Bc7 22. O-O Ra4 23. Ng5 h6 24. Ne6+ Kf6 25. Nxc7 Ra7 26. Ne8+ Kf5 27. Nd6+ Kf6
28. Ne4+ Kf5 29. Nxc5 Ra8 30. e4+ Kf4 31. d4+ Kg4 32. Be2+ Kh4 33. dxe5 g5 34.
h3 Ng6 35. Kh2 Nf4 36. g3# 1-0

[Event "Challenge"]
[Site "http://www.queenalice.com/game.php?id=87670"]
[Date "2006.7.19"]
[Round "-"]
[White "claudiofer"]
[Black "CesarAugusto"]
[Result "1-0"]
[WhiteElo "1707"]
[BlackElo "1518"]

1. e4 g6 2. b3 Bg7 3. c3 Nf6 4. d3 b6 5. g3 Ba6 6. Bg2 O-O 7. e5 d5 8. c4 Bb7 9.
exf6 Bxf6 10. d4 Na6 11. Nc3 Rb8 12. cxd5 Nb4 13. Ba3 Bxd5 14. Nxd5 Nxd5 15. Qf3
Bxd4 16. Qxd5 Bc3+ 17. Kf1 Bxa1 18. Qxd8 Rbxd8 19. Bf3 Rd2 20. Kg2 Rxa2 21. Bxe7
Re8 22. Bg5 Bd4 23. Nh3 a5 24. Rf1 c5 25. Bc6 Re6 26. Bb5 Rb2 27. Bd8 f6 28. Bc4
Kf7 29. Bxe6+ Kxe6 30. Bxb6 Rxb3 31. Bxa5 Bc3 32. Bxc3 Rxc3 33. Nf4+ Ke5 34.
Re1+ Kf5 35. Nd5 Ra3 36. Ne3+ Kg5 37. h4+ Kh5 38. Nd5 Ra6 39. Re8 c4 40. Rc8 Rd6
41. Nf4+ Kg4 42. Rxc4 g5 43. Ne6+ Kf5 44. Ng7+ Kg6 45. Ne8 Re6 46. Nc7 Re5 47.
Rd4 gxh4 48. Rxh4 h5 49. Na6 f5 50. Nb4 Rb5 51. Nd3 Kg5 52. Kh3 Rb1 53. f4+ Kg6
54. Ne5+ Kf6 55. Nf3 Kg6 56. Ne5+ Kf6 57. Kg2 Rb2+ 58. Kh3 Rb1 59. Nf3 Rb3 60.
Nh2 Kg6 61. Kg2 Rb2+ 62. Kg1 Rb3 63. Nf1 Rb2 64. Rh2 Rb4 65. Rd2 h4 66. Rd6+ Kh5
67. Rd8 h3 68. Rh8+ Kg4 69. Rg8+ Kh5 70. Kh2 Rb1 71. Ne3 Re1 72. Nxf5 Rc1 73.
g4# 1-0

[Event "Mais uma partida?"]
[Site "http://www.queenalice.com/game.php?id=89698"]
[Date "2006.7.26"]
[Round "-"]
[White "CesarAugusto"]
[Black "Jobson"]
[Result "1-0"]
[WhiteElo "1526"]
[BlackElo "1561"]

1. b4 e5 2. Bb2 e4 3. e3 Bxb4 4. Bxg7 Qg5 5. Bxh8 f6 6. Nh3 Qg6 7. Bc4 Ne7 8. c3
Ba5 9. Qb3 d5 10. Bxd5 Nxd5 11. Qxd5 Bb6 12. Nf4 c6 13. Qc4 Qf5 14. O-O Bc7 15.
Qg8+ Kd7 16. Qf7+ Kd6 17. Qf8+ Kd7 18. Qf7+ Kd6 19. Bxf6 Nd7 20. Qe7# 1-0

[Event "Challenge"]
[Site "http://www.queenalice.com/game.php?id=90256"]
[Date "2006.7.28"]
[Round "-"]
[White "walker"]
[Black "CesarAugusto"]
[Result "0-1"]
[WhiteElo "1485"]
[BlackElo "1543"]

1. e4 g6 2. d4 Bg7 3. e5 e6 4. Nf3 Ne7 5. Bg5 c6 6. Nc3 Qa5 7. Bxe7 Kxe7 8. Qd2
Qb6 9. g3 Qxb2 10. Rb1 Qb4 0-1

[Event "Revanche"]
[Site "http://www.queenalice.com/game.php?id=91865"]
[Date "2006.8.2"]
[Round "-"]
[White "Jobson"]
[Black "CesarAugusto"]
[Result "1-0"]
[WhiteElo "1618"]
[BlackElo "1567"]

1. d4 b6 2. Nc3 Bb7 3. e4 e6 4. Nf3 Bb4 5. Bd2 a5 6. Be2 Nf6 7. O-O O-O 8. Bg5
Bxc3 9. bxc3 Bxe4 10. Bd3 Bc6 11. Ne5 Qe7 12. Qd2 Qa3 13. Bxf6 gxf6 14. Qh6 f5
15. Ng4 f6 16. Nxf6+ Kf7 17. Nxh7 Ke8 18. Nxf8 Qxf8 19. Qxf8+ Kxf8 20. h4 d5 21.
c4 Nd7 22. Kh2 Ke7 23. Kg3 Rg8+ 24. Kh2 dxc4 25. Bxc4 Bxg2 26. Rg1 Rh8 27. Rxg2
Rxh4+ 28. Kg1 Rxd4 29. Bb3 a4 30. c3 Rd3 31. Bxa4 Nc5 32. Rg3 Rd2 33. Bc6 Rd6
34. Bf3 Rd3 35. Bc6 Rd6 36. Bg2 f4 37. Rh3 e5 38. Rh7+ Kd8 39. a4 Rg6 40. Rd1+
Ke8 41. Rxc7 Ne6 42. Rd6 f3 43. Rxe6+ Rxe6 44. Bxf3 e4 45. Be2 Kd8 46. Rc4 e3
47. f3 Rg6+ 48. Rg4 Rc6 49. Rc4 Rg6+ 50. Rg4 Rh6 51. Kg2 Rc6 52. Rd4+ Ke7 53.
Re4+ Kf6 54. Rxe3 Kf5 55. Bb5 Rc7 56. Kg3 Rg7+ 57. Kf2 Rc7 58. Rd3 Kf4 59. Rd4+
Ke5 60. c4 Kxd4 61. Kg3 Ke3 62. Kg2 Rg7+ 63. Kf1 Kxf3 64. Ke1 Rg1+ 65. Kd2 Rg2+
66. Kd3 Re2 67. Kd4 Rd2+ 68. Ke5 Re2+ 69. Kd6 Ke3 70. Kc6 Kd4 71. Kxb6 Re6+ 72.
Kc7 Re7+ 73. Kd6 Re5 74. a5 Rh5 75. a6 Rh6+ 76. Kc7 Kc5 77. a7 Rh7+ 78. Kb8 Rh8+
79. Kb7 Rh7+ 80. Ka6 Rh6+ 81. Ka5 Rh8 82. Ka6 Rh6+ 83. Kb7 Rh7+ 84. Ka6 Rh6+ 85.
Ka5 Rh8 86. Bd7 Ra8 87. Ka6 Kd6 88. Bg4 Rf8 89. Kb6 Ke5 90. Bf3 Rf6+ 91. Bc6 Rf8
92. c5 Kd4 93. a8=Q Rxa8 94. Bxa8 Ke5 95. c6 Kd6 96. c7 Kd7 97. Bb7 Kd6 98. c8=Q
Ke7 99. Qc6 Kd8 100. Qc7+ Ke8 101. Bd5 Kf8 102. Qf7# 1-0

[Event "Challenge"]
[Site "http://www.queenalice.com/game.php?id=94323"]
[Date "2006.8.10"]
[Round "-"]
[White "Cedinho"]
[Black "CesarAugusto"]
[Result "0-1"]
[WhiteElo "1058"]
[BlackElo "1538"]

1. g4 Na6 2. c4 b6 3. Bg2 Rb8 4. b4 Nxb4 5. a3 Na6 6. Nc3 Bb7 7. f3 e5 8. Kf1
Bc5 9. h4 Qf6 10. g5 Qf4 11. e3 Qxc4+ 12. d3 Qxc3 13. Bd2 Qxd3+ 0-1

[Event "Challenge"]
[Site "http://www.queenalice.com/game.php?id=97547"]
[Date "2006.8.19"]
[Round "-"]
[White "CesarAugusto"]
[Black "Volor"]
[Result "0-1"]
[WhiteElo "1546"]
[BlackElo "1820"]

1. g3 e5 2. Bg2 Nf6 3. d3 c6 4. Nh3 d5 5. Ng5 Bc5 6. e3 Bf5 7. Qf3 Bg4 8. Qxf6
Qxf6 9. f4 h6 10. Nxf7 Kxf7 11. fxe5 Qxe5 12. O-O+ Kg6 13. d4 Bxd4 14. exd4
Qxd4+ 15. Rf2 Rf8 16. Bf4 Qxb2 17. Bd6 Rxf2 18. Kxf2 Qxa1 19. Na3 Nd7 20. h3 Bf5
21. g4 Bxc2 22. h4 Qd4+ 23. Ke2 Re8+ 24. Kf3 Qe3# 0-1

[Event "Challenge"]
[Site "http://www.queenalice.com/game.php?id=97550"]
[Date "2006.8.19"]
[Round "-"]
[White "CesarAugusto"]
[Black "dequeue"]
[Result "0-1"]
[WhiteElo "1546"]
[BlackElo "1466"]

1. g3 Nc6 2. Bg2 Nf6 3. Nh3 e5 4. d3 Bc5 5. O-O O-O 6. Be3 Bxe3 7. fxe3 Ng4 8.
Qd2 d5 9. e4 d4 10. c3 Ne3 11. Rf2 f5 12. exf5 Bxf5 13. cxd4 Nxg2 14. Kxg2 Qxd4
15. e4 Bxh3+ 16. Kxh3 Rxf2 17. Qc3 Qd7+ 18. g4 Rf3+ 19. Kh4 Qe7+ 20. Kh5 Rh3#
0-1

[Event "Challenge"]
[Site "http://www.queenalice.com/game.php?id=97719"]
[Date "2006.8.20"]
[Round "-"]
[White "federal"]
[Black "CesarAugusto"]
[Result "0-1"]
[WhiteElo "1505"]
[BlackElo "1546"]

1. c3 b6 2. e3 Bb7 3. Bc4 e6 4. b3 Bxg2 5. f3 Bxh1 6. Kf2 Qh4+ 7. Ke2 Qxh2+ 8.
Kd3 Nc6 9. Bb5 Ne5+ 10. Kc2 c6 11. Bd3 Nf6 0-1

[Event "Trio Big 2/3"]
[Site "http://www.queenalice.com/game.php?id=97873"]
[Date "2006.8.20"]
[Round "-"]
[White "CesarAugusto"]
[Black "federal"]
[Result "1-0"]
[WhiteElo "1566"]
[BlackElo "1529"]

1. b3 e6 2. Bb2 Qh4 3. Nf3 Qb4 4. e3 Nf6 5. Bc4 d5 6. Ba3 Qa5 7. b4 Qa4 8. Bb3
Qa6 9. d4 Bd6 10. Ng5 Ne4 11. Qh5 g6 12. Qh6 f6 13. Qg7 Rf8 14. Nxh7 Rf7 15.
Qg8+ Rf8 16. Qxg6+ Rf7 17. f3 Ng5 18. Nxf6+ Ke7 19. Ng8+ Kf8 20. Qxg5 e5 21.
Bxd5 Nd7 22. Bxf7 Kxf7 23. Nh6+ Ke6 24. Qg8+ Ke7 25. dxe5 Bxe5 26. b5+ Qxa3 27.
Nxa3 Bxa1 28. O-O Bb2 29. Nc4 Be5 30. Qf7+ Kd8 31. Rd1 c5 32. Nxe5 Kc7 33. Nxd7
a6 34. b6+ Kc6 35. Qe6+ Kb5 36. Rb1+ Ka5 37. Qe8 Bxd7 38. Qxa8 Bc6 39. e4 Bb5
40. Qxb7 Ka4 41. Qd5 Ka3 42. Qb3# 1-0

[Event "Trio Big 3/3"]
[Site "http://www.queenalice.com/game.php?id=97874"]
[Date "2006.8.20"]
[Round "-"]
[White "federal"]
[Black "CesarAugusto"]
[Result "1-0"]
[WhiteElo "1484"]
[BlackElo "1567"]

1. e3 e5 2. Qh5 Qe7 3. Bc4 g6 4. Qh3 Bh6 5. b3 Nf6 6. Qxh6 b6 7. Qg7 Rg8 8. Qh6
Bb7 9. f3 Nh5 10. Qxh7 Rf8 11. Ba3 d6 12. Nc3 Qg5 13. g4 Qh4+ 14. Kd1 Qf2 15.
Nd5 Na6 16. Bxa6 Bxd5 17. gxh5 Bxf3+ 18. Nxf3 Qxf3+ 19. Kc1 Qxh1+ 20. Kb2 Qxh2
21. hxg6 Rh8 22. Qxf7+ Kd8 23. g7 Qg2 24. gxh8=Q+ Qg8 25. Qhxg8# 1-0

[Event "Challenge"]
[Site "http://www.queenalice.com/game.php?id=103360"]
[Date "2006.9.7"]
[Round "-"]
[White "hugo10"]
[Black "CesarAugusto"]
[Result "0-1"]
[WhiteElo "1346"]
[BlackElo "1560"]

1. e4 g6 2. Qf3 Bg7 3. Bc4 Nh6 4. d3 O-O 5. Bxh6 Bxh6 6. Nc3 c6 7. d4 b5 8. Bb3
d6 9. h4 Qa5 10. Nh3 Bxh3 11. gxh3 Qb4 12. a3 Qxd4 13. O-O Nd7 14. a4 Ne5 15.
Qf4 Bxf4 16. Ne2 Qxe4 17. Nc3 Nf3+ 18. Kg2 Nxh4+ 19. Kg1 Qg2# 0-1

[Event "Challenge"]
[Site "http://www.queenalice.com/game.php?id=117172"]
[Date "2006.10.15"]
[Round "-"]
[White "Cedinho"]
[Black "CesarAugusto"]
[Result "1/2-1/2"]
[WhiteElo "1075"]
[BlackElo "1581"]

1. e4 g6 2. h4 Bg7 3. g3 Nh6 4. a4 d6 5. Bb5+ Bd7 6. Nf3 O-O 7. Ng5 Bg4 8. Nf3
c6 9. Bc4 e5 10. c3 Qf6 11. Ng5 Bxd1 12. Kxd1 Qxf2 13. Nh3 Qg2 14. Rg1 Qxh3 15.
Bf1 Qh2 16. Rg2 Qh1 17. Rf2 Qg1 18. Ke1 Ng4 19. Rg2 Qc5 20. d3 Bh6 21. Bxh6 Nxh6
22. b4 Qe3+ 23. Re2 Qxg3+ 24. Rf2 Qxh4 25. Nd2 Ng4 26. Kd1 Qxf2 27. Be2 Ne3+ 28.
Kc1 Qxe2 29. d4 Qd1+ 30. Kb2 Qxd2+ 31. Ka3 Qxc3+ 32. Ka2 Qxd4 33. a5 Qxb4 34.
Rb1 Qxa5+ 35. Kb2 Qb4+ 36. Ka2 Qxe4 37. Rb2 Qa4+ 38. Kb1 Nc4 39. Rc2 Na3+ 40.
Ka1 Qxc2 1/2-1/2

[Event "Challenge"]
[Site "http://www.queenalice.com/game.php?id=133060"]
[Date "2006.11.24"]
[Round "-"]
[White "emilio2100"]
[Black "CesarAugusto"]
[Result "1-0"]
[WhiteElo "1596"]
[BlackElo "1507"]

1. e4 g6 2. d4 Bg7 3. Nf3 Nc6 4. Bc4 e6 5. O-O Nf6 6. d5 Na5 7. Bd3 exd5 8. Bg5
O-O 9. e5 Qe7 10. exf6 Bxf6 11. Bxf6 Qxf6 12. Nc3 d4 13. Nd5 Qc6 14. Ne7+ Kg7
15. Nxc6 dxc6 16. Nxd4 c5 17. Nf3 Rd8 18. Re1 c4 19. b4 Nc6 20. b5 Nb4 21. Qd2
a5 22. Qc3+ f6 23. Bxc4 Bf5 24. Re7+ Kf8 25. Qxf6# 1-0